<?xml version="1.0" encoding="UTF-8"?>
<record
    xmlns:xsi="http://www.w3.org/2001/XMLSchema-instance"
    xsi:schemaLocation="http://www.loc.gov/MARC21/slim http://www.loc.gov/standards/marcxml/schema/MARC21slim.xsd"
    xmlns="http://www.loc.gov/MARC21/slim">

  <leader>01172nam a22003017a 4500</leader>
  <controlfield tag="003">OSt</controlfield>
  <controlfield tag="005">20170725160445.0</controlfield>
  <controlfield tag="008">170725e201703  sp     g |||| 001|0dspa|d</controlfield>
  <datafield tag="017" ind1=" " ind2=" ">
    <subfield code="a">DL M 7334-2017</subfield>
  </datafield>
  <datafield tag="020" ind1=" " ind2=" ">
    <subfield code="a">9788494634369</subfield>
  </datafield>
  <datafield tag="040" ind1=" " ind2=" ">
    <subfield code="a">ES-BaUPF</subfield>
    <subfield code="b">cat</subfield>
    <subfield code="c">CDMR</subfield>
  </datafield>
  <datafield tag="100" ind1="1" ind2=" ">
    <subfield code="a">Ollivier, Jean-Paul,</subfield>
    <subfield code="d">1923-</subfield>
  </datafield>
  <datafield tag="245" ind1="1" ind2="0">
    <subfield code="a">&#xBF;Cu&#xE1;ndo amanecer&#xE1;, camarada? </subfield>
    <subfield code="b">: cr&#xF3;nica de la Revoluci&#xF3;n rusa : 1876-1917 </subfield>
    <subfield code="c">/ Jean-Paul Ollivier ; traducci&#xF3;n de Saturnino Mart&#xED;n</subfield>
  </datafield>
  <datafield tag="260" ind1=" " ind2=" ">
    <subfield code="a">Madrid :</subfield>
    <subfield code="b">Clave Intelectual,</subfield>
    <subfield code="c">2017</subfield>
  </datafield>
  <datafield tag="300" ind1=" " ind2=" ">
    <subfield code="a">463 p&#xE0;gines ;</subfield>
    <subfield code="c">23 cm</subfield>
  </datafield>
  <datafield tag="504" ind1=" " ind2=" ">
    <subfield code="a">Inclou bibliografia i &#xED;ndex</subfield>
  </datafield>
  <datafield tag="546" ind1=" " ind2=" ">
    <subfield code="a">Traducci&#xF3; de: Quand fera-t-il jour, camarade? : histoire de la R&#xE9;volution d'Octobre</subfield>
  </datafield>
  <datafield tag="648" ind1=" " ind2="9">
    <subfield code="a">1876-1917</subfield>
    <subfield code="2">thub </subfield>
  </datafield>
  <datafield tag="650" ind1=" " ind2="4">
    <subfield code="a">Revolucions</subfield>
    <subfield code="z">R&#xFA;ssia</subfield>
    <subfield code="x">Hist&#xF2;ria </subfield>
  </datafield>
  <datafield tag="650" ind1=" " ind2="9">
    <subfield code="a">Hist&#xF2;ria</subfield>
    <subfield code="2">thub </subfield>
  </datafield>
  <datafield tag="650" ind1=" " ind2="9">
    <subfield code="a">Revoluci&#xF3; Russa, 1917</subfield>
    <subfield code="2">thub </subfield>
  </datafield>
  <datafield tag="651" ind1=" " ind2="4">
    <subfield code="a">Uni&#xF3; Sovi&#xE8;tica</subfield>
    <subfield code="x">Hist&#xF2;ria</subfield>
    <subfield code="y">1917-1921, Revoluci&#xF3;</subfield>
  </datafield>
  <datafield tag="651" ind1=" " ind2="4">
    <subfield code="a">R&#xFA;ssia</subfield>
    <subfield code="x">Hist&#xF2;ria</subfield>
    <subfield code="y">1917, Revoluci&#xF3; de febrer</subfield>
  </datafield>
  <datafield tag="651" ind1=" " ind2="4">
    <subfield code="a">R&#xFA;ssia</subfield>
    <subfield code="x">Hist&#xF2;ria</subfield>
    <subfield code="y">1894-1917, Nicolau II</subfield>
  </datafield>
  <datafield tag="651" ind1=" " ind2="4">
    <subfield code="a">R&#xFA;ssia</subfield>
    <subfield code="x">Hist&#xF2;ria</subfield>
    <subfield code="y">1881-1894, Alexandre III</subfield>
  </datafield>
  <datafield tag="651" ind1=" " ind2="4">
    <subfield code="a">R&#xFA;ssia</subfield>
    <subfield code="x">Hist&#xF2;ria</subfield>
    <subfield code="y">1855-1881, Alexandre II</subfield>
  </datafield>
  <datafield tag="942" ind1=" " ind2=" ">
    <subfield code="c">MON</subfield>
  </datafield>
  <datafield tag="999" ind1=" " ind2=" ">
    <subfield code="c">7056</subfield>
    <subfield code="d">7056</subfield>
  </datafield>
  <datafield tag="952" ind1=" " ind2=" ">
    <subfield code="0">0</subfield>
    <subfield code="1">0</subfield>
    <subfield code="4">0</subfield>
    <subfield code="7">0</subfield>
    <subfield code="a">CDMR</subfield>
    <subfield code="b">CDMR</subfield>
    <subfield code="d">2017-07-25</subfield>
    <subfield code="e">Intercanvi</subfield>
    <subfield code="g">21.00</subfield>
    <subfield code="l">1</subfield>
    <subfield code="o">Dj 77</subfield>
    <subfield code="p">CDMR17070012</subfield>
    <subfield code="r">2017-11-22</subfield>
    <subfield code="s">2017-11-13</subfield>
    <subfield code="v">21.00</subfield>
    <subfield code="w">2017-07-25</subfield>
    <subfield code="y">MON</subfield>
  </datafield>
</record>
